Prvý sex naša redaktorka Martina Solčanská sa môže pochváliť dvoma knihami a titulom Debut roka 2007. v krátkom čase dosiahla úspech, o ktorom sníva nejeden spisovateľ

Bibliographic Details
Main Author: Turnerová, Martina (Author)
Format: Article
Language:Slovak
PhysicalDescription:Obr.
ISSN:1335-2776
Subjects:

MARC

LEADER 00000nab a2200000 a 4500
001 vtls009294119
003 SK-MaSNL
005 20260304181155.0
008 080514|2008 xo wrz r 000 0 slo
015 |a SNBRB2008/05  |2 kevkjb 
038 |a KEVKJB 
040 |a KEVKJB  |b slo  |c KEVKJB  |e AACR2 
041 0 |a slo 
044 |a xo  |c SK 
080 |a 821.162.4  |2 2001 
080 |a 929 Solčanská, Martina  |2 2001 
100 1 |a Turnerová, Martina  |4 aut  |9 1066594 
245 1 0 |a Prvý sex  |b naša redaktorka Martina Solčanská sa môže pochváliť dvoma knihami a titulom Debut roka 2007. v krátkom čase dosiahla úspech, o ktorom sníva nejeden spisovateľ  |c Martina Turnerová 
300 |b Obr. 
600 1 7 |a Solčanská, Martina,  |d 1981-  |2 kevkjb  |9 102950 
650 0 7 |a slovenská literatúra  |2 kevkjb  |9 1115 
650 0 7 |a slovenské spisovateľky  |2 kevkjb  |9 66576 
650 0 7 |a Debut roka 2007  |2 kevkjb  |9 1511192 
651 7 |a Hlohovec (Slovensko)  |2 kevkjb  |9 31468 
773 0 |t Markíza  |g Roč. XI, č. 20 (2008), s. 26-27  |x 1335-2776 
852 |a KEVKJB  |b KIS3GCP 
958 |a BX 
958 |a LX 
999 |c 3022313  |d 3024243